000 00666nam a2200169Ia 4500
003 GCL
008 140319s9999 xx 000 0 ara d
040 _aGCL /
_cGCL
082 0 4 _a920
_bا م
100 1 _aابن عساكر: ابومحمد القاسم على بن الحسن بن هبة الله بن الحسين
245 1 0 _aمختصر تاريخ دمشق لابن عساكر /
_cابن عساكر: ابومحمد القاسم على بن الحسن بن هبة الله بن الحسين
490 _a100 قصة
_v0
650 0 4 _aالتاريخ الاسلامى
650 0 4 _aاعلام العرب
650 0 4 _aاعلام الاسلام
942 _2ddc
_cBK
999 _c45874
_d45874